000 03154cam a22005174i 4500
003 PE-LiUPU
005 20250731184537.0
008 180503s2017 pe a r 000 0 spa d
020 _a9786123191535
035 _a(Sirsi) a241825
040 _aPE-LiUPU
_bspa
_cPE-LiUPU
_erda
041 1 _aspa
_heng
049 _aPRUA
082 0 4 _a920.72
_bF29
_220
100 1 _aFavilli, Elena,
_eautor.
245 1 0 _aCuentos de buenas noches para niñas rebeldes :
_b100 historias de mujeres extraordinarias /
_cElena Favilli y Francesca Cavallo.
250 _aPrimera edición.
264 1 _aLima :
_bPlaneta,
_c2017.
300 _axii, 212 páginas :
_bilustraciones ;
_c24 centímetros
336 _atext
_2rdacontent
337 _aunmediated
_2rdamedia
338 _avolume
_2rdacarrier
505 0 _aMatemática -- Supermodelo -- Ciclista -- Bailarina -- Presidente y científica -- Aviadora -- Levantadora de pesas -- Inventora -- Periodista -- Pintora -- Campeona de motocross -- Escritora -- Política -- Activista -- Directora de cine -- Escritoras -- Emperatriz -- Alpinista -- Partisana -- Faraona -- Diseñadora de modas -- Poetisa y repostera -- Alumna de primaria -- Activista y política -- Política -- Enfermera -- Pintora -- Científica computacional -- Pirata -- Defensora de la libertad -- Faraona -- Activista -- Candidata presidencial -- Matemática y filósofa -- Heroína de guerra -- Reina -- Escritora -- Pirata -- Escritora -- Primatóloga -- Navegante -- Astrónoma -- Emperatriz -- Estrella de rock -- Chef -- Sufragista -- Reina y guerrera -- Piloto de fórmula -- Guerrera -- Astronauta y dostora -- Activista -- Activista -- Científica computacional -- Primera ministra -- Astrofísica -- Cantante de ópera -- Médica y educadora -- Arqueólloga -- Naturalista -- Científica -- Paleontóloga --Cirujana -- Boxeadora -- Doctora -- Tatuadpra -- Escritora -- Surfista -- Trombonista -- Bailarina -- Espía -- Reina -- Reportera -- Genetista -- Cantante -- Espía -- Científica -- Activista -- Jueza de la suprema corte -- Exploraddora -- Reina -- Tenistas -- Gimnasta -- Rapera -- Bióloga marina -- Pintora -- Escritora -- Activista -- Atleta -- Reina guerrera -- Artista -- Nadadora -- Arquitecta -- Directora de orquesta -- Atrónoma.
526 _aP136
526 _aP135
526 _aP134
526 _aP133
526 _aP144
526 _aP143
526 _aP87
526 _aP35
526 _aP20
526 _aP14
526 _aP10
526 _aP06
534 _pTitulo original :
_tGood night stories for rebel girls.
541 _g0021-0005351;
650 0 4 _aMujeres
_vBiografía
_vLiteratura juvenil.
650 0 4 _aWomen
_vBiography
_vYouth literature.
700 1 _aCavallo, Francesca,
_eautor.
910 _adbm
_bncf
_cncf
_d20180503
942 _2ddc
_cBOOK
994 _aC0
_bPEPRU
596 _a1
999 _a920.72 F29
_wLC
_c27384
_i78325
_d27384
_e2019-11-10
_lCRAI-HOUSE
_mBUL
_n2
_p18.04
_r0
_sY
_tBOOK
_u2018-5-3
_xSALUD
_PP33
_0COMPRA
_1FCOMPRA
_o.STAFF. Colección Ciencias de la Salud
980 _81
_gALBERTO SANCHEZ Responsable de Automatización